| 000 | 00842cam a2200241 a 4500 | ||
|---|---|---|---|
| 001 | 000017372 | ||
| 005 | 20200929165108.0 | ||
| 008 | 771205s1976 ve 000 p spa | ||
| 035 | _a(DLC) 77561610 | ||
| 040 |
_aDO-SdBNP _bspa _cDLC _dDLC _dBNPHU |
||
| 082 |
_a861.6 _bA774s |
||
| 100 | 1 |
_aArreaza Calatrava, José Tadeo, _d1885-1970. _938034 |
|
| 245 | 1 | 0 |
_aSelección poética, 1911-1947 / _cJosé Tadeo Arreaza Calatrava ; compilación y prólogo de Fernando Paz Castillo. |
| 260 |
_aCaracas : _bMonte Ávila Editores, _c[1976]. |
||
| 300 |
_a216 p. ; _c16 cm. |
||
| 490 | 1 | _aEldorado | |
| 650 | 4 |
_aPoesía española _xColecciones _93395 |
|
| 650 | 4 |
_aLiteratura española _xColecciones _94174 |
|
| 650 | 4 |
_aLiteratura española _ySIGLO XX _93326 |
|
| 830 | 0 |
_aEldorado. _99944 |
|
| 910 | _aCatalogación por copia / LC | ||
| 049 | _aBNGR | ||
| 999 |
_c16897 _d16897 |
||